| Record ID | CollingswoodLibraryMarcDump10-27-2008/Collingswood.out:5310249:1131 |
| Source | Collingswood Public Library |
| Download Link | /show-records/CollingswoodLibraryMarcDump10-27-2008/Collingswood.out:5310249:1131?format=raw |
LEADER: 01131cam 2200289 a 4500
008 840628s1985 nyua j 000 0 eng
010 $a8413640/A$o10948216
020 $a0688040195 (lib. bdg.)
035 $aAAM-2346
040 $aDLC$cDLC$dNCL
049 $aNCLJ, NCLF, NCLN
099 $aE811.54$aPre
100 1 $aPrelutsky, Jack.
245 10 $aMy parents think I'm sleeping :$bpoems /$cby Jack Prelutsky ; pictures by Yossi Abolafia.
250 $a1st ed.
260 $aNew York :$bGreenwillow Books,$cc1985.
300 $a47 p. :$bill. (some col.) ;$c24 cm.
520 $aA collection of humorous poems about bedtime.
650 0 $aSleep$vJuvenile poetry.
650 0 $aAmerican poetry.
700 1 $aAbolafia, Yossi.
907 $a.b10449188$b01-04-07$c03-07-02
998 $a1be$a1c$a3cw$b10-01-01$cm$da$e-$feng$gnyu$h0$i4
946 $acw$bjmp$c2003-05-17
945 $aOCLC Strip/Reload Project 7/15/03 LB
945 $aE811.54 Pre$g1$i0010104326250$l1bech$o-$p$12.00$q-$r-$s-$t6$u2$v0$w0$x0$y.i10787367$z03-07-02
945 $aj811.54 Pre$g0$i36431000245501$l3cwjn$o-$p$9.79$q $r $s-$t205$u3$v1$w1$x0$y.i15870790$z05-19-03